| 000 | 00580 a2200217 4500 | ||
|---|---|---|---|
| 001 | 110565 | ||
| 020 | _a9781554984213 | ||
| 041 | _apor | ||
| 090 | _aP Year 5 966 | ||
| 100 | _aDiakité, Baba Wagué. | ||
| 250 | _a. ed. | ||
| 300 | _a134 p. | ||
| 697 | _aDiakité, Baba Wagué. | ||
| 697 | _aMali - Social life and customs. | ||
| 697 | _aMali. | ||
| 856 | _u00001a/00001a40.jpg | ||
| 040 |
_aBR-BrIDEA _cBR-BrIDEA |
||
| 245 | 1 | 0 |
_aA gift from childhood _bmemories of an African boyhood _c Baba Wagué Diakité |
| 260 |
_a[S.l.] _bGroundwood Books _c2013 |
||
| 942 | _cBK | ||
| 999 |
_c110565 _d110565 |
||